000 00831nam a2200229Ia 4500
003 GCL
008 140319s9999 xx 000 0 ara d
040 _aGCL /
_cGCL
082 0 4 _a362.58
_bم أ
100 1 _aمحمد صلاح الدين صدقى
245 1 0 _aالاتجاهات المتوقعة لعبء تأمين معاش الشيخوخة الشامل لكافة افراد المجتمع فى مصر /
_cمحمد صلاح الدين صدقى
260 _a[S.N] :
_bجامعة بيروت العربية ،
_c1974
300 _a62 ص
490 _aجامعة بيروت العربية
_v0
650 0 4 _aمصر
650 0 4 _aالشيخوخة
650 0 4 _aالتأمين الاجتماعى
650 0 4 _aمعاشات الشيخوخة
650 0 4 _aالمعاشات
650 0 4 _aالاعانات
942 _2ddc
_cBK
999 _c36704
_d36704